00577nam a2200145 a 450000100100000000500170001000800410002704000250006808200150009311001210010824500760022926000370030530000290034271000600037100002412420200930022734.0110119s1999 dr a 000 0 spa d aDO-SdBNPbspacBNPHU axxxbI597i1 aInstituto Nacional de Formación Técnico ProfesionalbOficina de planificación, departamento de investigación10aInfotep en cifras :bestadisticas de las acciones formativas 1982-1998. aSanto Domingo :bINFOTEP,c1999. a92 P. :bgraf. ;c29 cm.2 aInstituto Nacional de Formación Técnico Profesional